000 00662nam a22001817a 4500
005 20111227105823.0
020 _a9788128624087
037 _bPUB
100 _aLarry, H.I.
_937646
245 _aLunar strike /
_cby H.I. Larry; illustrated by Andy Hook
260 _aMumbai
_bEuro Books
_c2007
270 _aDani Corporat e Park, First Floor, 158, Vidyanagari Marg, Kalina, Santacruz
_bMumbai
_e400098
300 _a90p.
_bill.
_c20cm(pbk)
490 _aZac power:
_v24 hours to save the world...and get to guitar practice
_937647
700 _aHook, Andy
_937643
942 _2ddc
_cCH
_mLAR
999 _c60011
_d60011